000 01146nam a22002777a 4500
005 20101206113148.0
008 101206t xxu||||| |||| 00| 0 hin d
010 _aHIN-93252
020 _c350.00
_a9788188214973
035 _aHN-65598
037 _bDBAD/PUB
040 _aDPL
_bHN
082 _a759.06
100 _924598
_aश्रीवास्तव, लक्ष्मी
245 _aकला निनाद /
_cलक्ष्मी श्रीवास्तव
246 _aKala ninan
_bby Laxmi Shrivastava
260 _aइलाहाबाद
_bविभा प्रकाशन
_c2010
270 _bइलाहाबाद
_a50, चाहचन्द
_e211003
300 _a278पृ.
_c22सेमी (सजिल्द)
_bरंगीन फोटो
650 _91169
650 _929580
700 _924599
700 _924924
942 _2ddc
_cHN
_mश्रीवास्त
_h759.06
999 _c53988
_d53988